000 00712nam a22002177a 4500
003 OSt
005 20260423032233.0
008 260423b |||||||| |||| 00| 0 eng d
020 _a971-11-0529-2.
040 _aOC
_cDWC-Main Lib
082 _aFil. 301 P195s 1988
100 _aPanopio, I.
245 _aSociology and anthropology :
_ban introduction
_cPanopio, Isabel S.
260 _aManila:
_bGoodwill Trading Co., Inc.,
_cc1988.
300 _avii, 263 pages :
_c 25 cm.
504 _aIncludes bibliography and index.
650 _a1. Anthropology.
650 _a2. Sociology.
700 _aRolda, Realidad S.
942 _2ddc
_cBK - FIL
_hFil. 301 P195s 1988
_kFil.
_n0
999 _c9773
_d9773